| 000 | 00647nam a22002171c 4500 | ||
|---|---|---|---|
| 001 | ht007462275 | ||
| 008 | 080821s1997 gw a||| 000u ger d | ||
| 020 |
_a3930096587 _93-930096-58-7 |
||
| 041 | _ager | ||
| 100 | 1 | _aChamberlain, Sigrid | |
| 245 | 0 | 0 |
_aAdolf Hitler, die deutsche Mutter und ihr erstes Kind : _büber zwei NS-Erziehungsbücher / _cSigrid Chamberlain |
| 264 |
_aGießen : _bPsychosozial-Verl., _c1997 |
||
| 300 | _a229 S. : zahlr. Ill | ||
| 650 | 0 | _aErziehung | |
| 650 | 0 | _aJugend | |
| 650 | 0 | _aNationalsozialismus | |
| 942 | _cMG | ||
| 040 | _cRU-10907106 | ||
| 003 | RU-10907106 | ||
| 999 |
_c17123 _d17123 |
||
| 490 | 0 | _aReihe "Edition Psychosozial" | |